000 00455nam a2200181Ia 4500
008 090124s9999 xx 000 0 und d
082 _b47434
100 _aदिवाण वृंदा
245 _a विळखा
250 _a1
260 _c2008
300 _a200
600 _aदिवाण वृंदा
630 _a विळखा
700 _aदिवाण वृंदा
730 _a विळखा
942 _cBOOK
999 _c113692
_d113692